| 000 | 00366nam a2200157Ia 4500 | ||
|---|---|---|---|
| 008 | 210430s9999 xx 000 0 und d | ||
| 020 | _a7/8/11 | ||
| 100 | _a662.2 B152 E | ||
| 245 | 2 |
_aA .Bailey _c662.2 B152 E |
|
| 250 | _a187P | ||
| 260 | _aBrassey s | ||
| 300 | _aExplosives, Propellants &Pyrotechnics | ||
| 650 | _aUK | ||
| 856 | _uBK | ||
| 942 |
_cGEN _2ddc |
||
| 999 |
_c561877 _d561877 |
||